000 00487cam a2200193ua 4500
001 4238
005 20260515113815.0
008 111221n ii |||gr||||Z||||||asm
040 _cMAIN
082 _a891.4513
100 1 _aBoruah, Tarinicharan,
245 1 1 _aBikalpar sandhanot
_cby Tarinicharan Boruah
250 _a1st.
260 _aGuwahati:
_bPathar Prakashan,
_c2002.
300 _a83p:
_c23cm.
653 _aAssamese short stories
653 _aBikalpar sandhanot
942 _cBK
999 _c4055
_d4055